| 000 | 00497nam a22001337a 4500 | ||
|---|---|---|---|
| 020 | _qPB. | ||
| 040 | _cFIZZA ISHAQ | ||
| 082 |
_a331.425 _bSTO |
||
| 100 |
_a Storrs, Landon R. Y. _9134015 |
||
| 245 |
_aCivilizing Capitalism: The National Consumers' League, Women's Activism, and Labor Standards in the New Deal Era / _c Landon R. Y. Storrs. |
||
| 260 |
_aLondon: _bChapel Hill, The University of North Carolina Press , _c2000. |
||
| 300 |
_a392 P. ; _c6.12 x 0.91 x 9.25 inches |
||
| 942 |
_2ddc _cBK |
||
| 999 |
_c616935 _d616935 |
||